| 000 | 00414nam a22001577a 4500 | ||
|---|---|---|---|
| 999 |
_c27694 _d27694 |
||
| 008 | 250225b ||||| |||| 00| 0 eng d | ||
| 041 | 0 | _aeng | |
| 082 | 0 | 0 |
_a005.3684 _bR162 |
| 100 |
_93398 _aRaker, Daniel |
||
| 245 | 1 | 0 |
_aINSIDE AutoCAD / _cby Daniel Raker and Harbert Rice |
| 250 | _a1st Indian ed. | ||
| 260 |
_aDelhi : _bBPB publications, _c1987. |
||
| 300 | _axii,371 p. | ||
| 650 | 0 | _aAutoCAD | |
| 942 | _cBK | ||